| 000 | 01323cam a2200385 a 4500 | ||
|---|---|---|---|
| 001 | 12679020 | ||
| 003 | OSt | ||
| 005 | 20140310184523.0 | ||
| 008 | 020214s2002 mou 000 0 eng d | ||
| 010 | _a 2002102324 | ||
| 020 | _a0439740800 | ||
| 020 | _a9780439740807 | ||
| 035 | _a(OCoLC)ocm50633634 | ||
| 040 |
_aNTG _cNTG _dSPP _dDLC |
||
| 042 | _alccopycat | ||
| 043 | _an-us--- | ||
| 050 | 0 | 0 |
_aHV 6658 _b.G74 2005 |
| 082 | 0 | 0 | _a364.16/2/0973 |
| 100 | 1 |
_aGregory, Leland. _929903 |
|
| 245 | 1 | 4 |
_aThe dumbest crook book / _cLeland Gregory. |
| 260 |
_aKansas City, Mo. : _bAndrews McMeel Pub., _c2005. |
||
| 300 |
_a231 p. ; _c18 cm. |
||
| 521 | _aG11 | ||
| 526 | _c1130 | ||
| 650 | 0 |
_aTheft _zUnited States _vCase studies. _929904 |
|
| 650 | 0 |
_aThieves _zUnited States _vHumor. _929905 |
|
| 650 | 0 |
_aBurglars _zUnited States _vHumor. _929906 |
|
| 856 | 4 | 2 |
_3Contributor biographical information _uhttp://www.loc.gov/catdir/bios/simon053/2002102324.html |
| 856 | 4 | 2 |
_3Publisher description _uhttp://www.loc.gov/catdir/description/simon051/2002102324.html |
| 906 |
_a7 _bcbc _ccopycat _d2 _encip _f20 _gy-gencatlg |
||
| 942 |
_2lcc _cBK-SCHOLAS |
||
| 999 |
_c35063 _d35063 |
||